Welcome to the Holygrace Academy Library

Please use search bar below to get started

ORIDAM IPPOL OTTAKKU (Record no. 1595)

MARC details
000 -LEADER
fixed length control field 00281nam a22001337a 4500
082 ## - DEWEY DECIMAL CLASSIFICATION NUMBER
Classification number 894.812.3
Item number MAR/O
100 ## - MAIN ENTRY--AUTHOR NAME
Personal name MAROOR, R K
245 ## - TITLE STATEMENT
Title ORIDAM IPPOL OTTAKKU
250 ## - EDITION STATEMENT
Edition statement FIRST
260 ## - PUBLICATION, DISTRIBUTION, ETC. (IMPRINT)
Place of publication MUMBAI
Name of publisher PAMBUNGAL
Year of publication 1997
300 ## - PHYSICAL DESCRIPTION
Number of Pages 99
650 ## - SUBJECT ADDED ENTRY--TOPICAL TERM
Topical Term STORY
Geographic subdivision KERALA
942 ## - ADDED ENTRY ELEMENTS (KOHA)
Koha item type Books
Holdings
Withdrawn status Lost status Collection code Home library Current library Shelving location Date acquired Source of acquisition Cost, normal purchase price Full call number Accession Number Koha item type
    Fiction Main Library Main Library SHELF-6C MALAYALAM SHORT STORIES 12/01/2005 PURCHASE 40.00 894.812.3 MAR/O 01936 Books